2024 Champions League Final Borussia Dortmund - Real Madrid - Statistics

General Stats
  • This quiz has been taken 2,188 times
    2,187 since last reset
  • The average score is 23 of 32
Answer Stats
Player % Correct
Vinícius Júnior ¹
96%
Thibaut Courtois
93%
Dani Carvajal ¹
92%
Rodrygo
92%
Antonio Rüdiger
90%
Jude Bellingham
90%
Toni Kroos
89%
Gregor Kobel
88%
Luka Modrić
87%
Eduardo Camavinga
85%
Carlo Ancelotti
84%
Ferland Mendy
84%
Mats Hummels
81%
Federico Valverde
79%
Marco Reus
78%
Karim Adeyemi
77%
Éder Militão
74%
Nico Schlotterbeck
72%
Niclas Füllkrug
70%
Julian Brandt
69%
Emre Can
67%
Nacho
66%
Jadon Sancho
62%
Julian Ryerson
56%
Ian Maatsen
55%
Marcel Sabitzer
53%
Joselu
49%
Edin Terzić
45%
Donyell Malen
43%
Lucas Vázquez
40%
Jamie Bynoe-Gittens
35%
Sébastien Haller
35%
No matching quizzes found
Score Distribution
Percent of People with Each Score
Percentile by Number Answered
Your Score History
You have not taken this quiz since the last reset